Loreto College Library, Kolkata
WEBOPAC (ONLINE PUBLIC ACCESS CATALOGUE)

The story of Thomas Alva Edison (Record no. 30771)

MARC details
000 -LEADER
fixed length control field 00505nam a2200181Ia 4500
008 - FIXED-LENGTH DATA ELEMENTS--GENERAL INFORMATION
fixed length control field 131103s9999 xx 000 0 und d
040 ## - CATALOGING SOURCE
Original cataloging agency Loreto College
041 ## - LANGUAGE CODE
Language code English
082 ## - DDC | ডিউই
Classification number | বর্গসংখ্যা 920/DAV
Book Number | গ্রন্থাঙ্ক LCBED/12367
100 ## - MAIN ENTRY--PERSONAL NAME | মুখ্য সংলেখ - ব্যাক্তিনাম
Personal name | ব্যাক্তিনাম Davidson, Margaret
245 #4 - TITLE STATEMENT | অাখ্যা বিবরণী
Title | অাখ্যা The story of Thomas Alva Edison
Sub title | উপঅাখ্যা inventor
Statement of responsibility | লেখকের দায়িত্বের বিবরণ Margaret Davidson
260 ## - IMPRINT | প্রকাশনা ক্ষেত্র
Place of publication | প্রকাশ স্থান New york
Name of publisher | প্রকাশকের নাম Scholastic
Date of publication | প্রকাশ কাল 1990
300 ## - PHYSICAL DESCRIPTION |
Page / Vol. No | পৃষ্ঠা / খন্ড সংখ্যা 64p.
Other physical details | অনান্য বাহ্যিক বিবরণ pic.
650 ## - SUBJECT ADDED ENTRY--TOPICAL TERM | বিষয় শিরোনাম - মূল বিষয়
Topical term | মূল বিষয় Edison, Thomas Alva
651 ## - SUBJECT ADDED ENTRY--GEOGRAPHIC NAME | বিষয় শিরোনাম - ভৌগলিক নাম
Geographic name | ভৌগলিক বিষয় Biography
850 ## - HOLDING INSTITUTION
Holding institution LCBED/920/DAV
942 ## - ADDED ENTRY ELEMENTS (KOHA)
Koha item type Books
Holdings
Withdrawn status Lost status Damaged status Not for loan Home library Current library Date acquired Total Checkouts Full call number Accession No. Date last seen Price effective from Koha item type
        Loreto College Loreto College 04/11/2013   920/DAV LCBED/12367 B33620 04/11/2013 04/11/2013 Books